| 000 | 00441cam a2200181ua 4500 | ||
|---|---|---|---|
| 020 | _c7.50 | ||
| 041 |
_ahin _h |
||
| 082 |
_a891.43 _bFAN/PA |
||
| 100 | _aFannishwarnath, Renu . | ||
| 245 |
_aParathi: Pareeksha / _cFannishwarnath Renu. _hTextual Documents |
||
| 250 |
_a1 / _b. |
||
| 260 |
_aDelhi : _bRajkamal Prakashan , _c1958. |
||
| 300 | _a501 ; . | ||
| 365 | _a7.50 | ||
| 504 | _a | ||
| 942 | _cBK | ||
| 999 |
_c12750 _d12750 |
||